01566nam a22002057a 4500003000400000005001700004008004100021020001800062040001400080041000800094082001700102100004300119245008500162264003000247300004000277521093000317650004101247650004501288650002701333OSt20250228165049.0250228b ||||| |||| 00| 0 spa d a9789588912882 cCO-Mq BPB aspa a155.2 bJ17a aJaramillo, Jaime (Papá Jaime)eautor aTe amo... pero soy feliz sin ti;bComo vivir libremente, sin apegos y sin miedos aBogotá;bAguilar,c2016 a209 páginas;bTapa rusticac24 cm aLa mayoría de nosotros vivimos inconscientes y dormidos, pero no lo sabemos. Por ello creemos que el apego es algo natural, con lo que nacemos, sin entender que es una creación de la mente, se nutre del miedo y es el culpable, en gran parte, de nuestros dolores y sufrimientos. Por ese motivo, cuando depositamos la felicidad en manos de nuestros seres queridos o en las cosas materiales, y alguna de esas personas o cosas desaparece o amenaza con hacerlo, sentimos miedo y un gran vacío interior, perdemos nuestra razón de vida, nuestra realidad y, como si fuera poco, parte de nuestra personalidad. En este libro encontrarás herramientas sencillas y simples que te ayudarán a despertar tu consciencia y a liberarte de tus apegos, para que puedas experimentar el mundo sin miedo a través del verdadero amor. Cuando despiertes de tu inconsciencia ya nada te perturbará y podrás disfrutar tu vida a plenitud. a La muerte y el duelo Separación  aDivorcio Autoayuda y desarrollo personal aLiberate de tus apegos